[Event "Pere Noel"]
[Site "Montreal CAN"]
[Date "1993.12.27"]
[Round "2"]
[White "Larochelle, Martial"]
[Black "Barbeau, Sylvain"]
[Result "0-1"]
[WhiteElo "2030"]
[BlackElo "2345"]
[PlyCount "77"]
[EventDate "1993.12.26"]
[EventType "swiss"]
[EventRounds "5"]
[EventCountry "CAN"]

1. e4 c5 2. Nf3 Nc6 3. d3 g6 4. g3 Bg7 5. Bg2 e6 6. O-O Nge7 7. c3 d5 8. Nbd2
O-O 9. Re1 b5 10. exd5 exd5 11. Nb3 b4 12. Nxc5 bxc3 13. d4 cxb2 14. Bxb2 Rb8
15. Qd2 Na5 16. Bc3 Nc4 17. Qf4 Rb5 18. Rac1 Nf5 19. g4 Bh6 20. g5 Bg7 21. Nd3
Be6 22. Bb4 Re8 23. Bc5 Qa5 24. Bh3 Rbb8 25. Nfe5 Nxe5 26. Nxe5 Rbc8 27. Ng4
Bd7 28. Rxe8+ Rxe8 29. Nf6+ Bxf6 30. gxf6 Qd8 31. Be7 Qb8 32. Qd2 Kh8 33. Re1
Rg8 34. Bxf5 gxf5+ 35. Kh1 f4 36. Qd3 Qc8 37. Rg1 Rxg1+ 38. Kxg1 Bh3 39. Qd1
0-1

[Event "Pere Noel"]
[Site "Montreal CAN"]
[Date "1993.12.30"]
[Round "5"]
[White "Barbeau, Sylvain"]
[Black "Bergeron, Pascal"]
[Result "1-0"]
[WhiteElo "2345"]
[BlackElo "2086"]
[PlyCount "70"]
[EventDate "1993.12.26"]
[EventType "swiss"]
[EventRounds "5"]
[EventCountry "CAN"]

1. e4 c5 2. Nc3 Nc6 3. g3 g6 4. Bg2 Bg7 5. d3 d6 6. f4 e5 7. Nh3 Nge7 8. O-O
O-O 9. f5 gxf5 10. exf5 Bxf5 11. Rxf5 Nxf5 12. Be4 Nxg3 13. hxg3 f5 14. Bd5+
Kh8 15. Ng5 Qe8 16. Kg2 Qg6 17. Bd2 Rae8 18. Bf3 f4 19. Nge4 Nd4 20. g4 Bh6 21.
Nd5 Bg5 22. c3 Nc6 23. Qe2 Ne7 24. Nxe7 Rxe7 25. c4 Rd7 26. Rh1 h6 27. Bc3 Bf6
28. Kf1 Kg7 29. Rh5 Bg5 30. Qh2 Rdd8 31. Nf2 Rh8 32. Bxb7 Qf7 33. Be4 Qe7 34.
Ba5 Rdg8 35. Bd5 Rf8 1-0

[Event "Premiere Neige"]
[Site "Montreal CAN"]
[Date "1993.11.27"]
[Round "2"]
[White "Barbeau, Sylvain"]
[Black "Fillion, Robert"]
[Result "1-0"]
[WhiteElo "2349"]
[BlackElo "1664"]
[PlyCount "75"]
[EventDate "1993.11.27"]
[EventType "swiss"]
[EventRounds "4"]
[EventCountry "CAN"]

1. d4 e6 2. c4 Nf6 3. Nf3 b6 4. Bf4 Bb7 5. e3 Be7 6. h3 O-O 7. Nc3 d5 8. Ne5 c5
9. Qf3 Nc6 10. Rd1 cxd4 11. exd4 Rc8 12. Qe3 Nb4 13. Qd2 dxc4 14. Bxc4 Nbd5 15.
O-O Nxf4 16. Qxf4 Nd5 17. Qg4 Bf6 18. Rfe1 Nxc3 19. bxc3 Bxe5 20. dxe5 Qc7 21.
Rd4 Rfd8 22. Rxd8+ Rxd8 23. Re3 Bd5 24. Bb3 Bxb3 25. axb3 Rd5 26. Qe4 Rd1+ 27.
Kh2 f6 28. Qg4 Qd7 29. exf6 Qd6+ 30. f4 g6 31. Qxe6+ Qxe6 32. Rxe6 Rd7 33. Rc6
Kf7 34. Kg3 b5 35. b4 Rd3+ 36. Kg4 h5+ 37. Kh4 Re3 38. g4 1-0

[Event "Quebec-ch amateur"]
[Site "Montreal CAN"]
[Date "1993.10.08"]
[Round "1"]
[White "Desrosiers, Alain"]
[Black "Barbeau, Sylvain"]
[Result "0-1"]
[WhiteElo "2043"]
[BlackElo "2340"]
[PlyCount "72"]
[EventDate "1993.10.08"]
[EventType "swiss"]
[EventRounds "5"]
[EventCountry "CAN"]

1. e4 c5 2. Nf3 Nc6 3. d4 cxd4 4. Nxd4 Nf6 5. Nc3 d6 6. Bg5 Qb6 7. Ndb5 a6 8.
Bxf6 gxf6 9. Nd5 Qa5+ 10. Nbc3 Bg7 11. Be2 O-O 12. O-O f5 13. Bd3 fxe4 14. Bxe4
f5 15. Bd3 e5 16. Bc4 Kh8 17. Qh5 Qd8 18. Rad1 Bd7 19. Ne3 Nd4 20. f4 e4 21.
Ncd5 b5 22. Bb3 a5 23. c3 Nxb3 24. axb3 Be6 25. g4 fxg4 26. f5 Bf7 27. Qxg4 Be5
28. Kh1 Rg8 29. Qh3 Rg5 30. f6 Rh5 31. Qg2 Rxh2+ 32. Qxh2 Bxh2 33. Kxh2 Rc8 34.
Rf4 Qe8 35. Kg3 Qe5 36. c4 Qxb2 0-1

[Event "Quebec-ch amateur"]
[Site "Montreal CAN"]
[Date "1993.10.09"]
[Round "2"]
[White "Barbeau, Sylvain"]
[Black "Abreu Cordero, Jose"]
[Result "1-0"]
[WhiteElo "2340"]
[BlackElo "2100"]
[PlyCount "129"]
[EventDate "1993.10.08"]
[EventType "swiss"]
[EventRounds "5"]
[EventCountry "CAN"]

1. d4 Nf6 2. Nf3 d5 3. c4 c6 4. cxd5 cxd5 5. Nc3 Nc6 6. Bf4 e6 7. e3 Bd6 8. Bd3
Bxf4 9. exf4 a6 10. Rc1 Bd7 11. O-O O-O 12. Re1 b5 13. Bb1 g6 14. Ne5 Rc8 15.
Re3 Qb6 16. Ne2 Nxd4 17. g4 Nxe2+ 18. Rxe2 Rxc1 19. Qxc1 Rc8 20. Rc2 Rxc2 21.
Bxc2 Qd6 22. g5 Ne8 23. Bd3 f6 24. gxf6 Nxf6 25. Qc2 Be8 26. Qc8 Kf8 27. a4
bxa4 28. Bxa6 Qb6 29. Bb7 Ke7 30. Bc6 Bxc6 31. Nxc6+ Kd6 32. Ne5 Ne4 33. Qd7+
Kc5 34. Qxa4 Qb7 35. f3 Nf6 36. Qa3+ Kb5 37. Qb3+ Ka6 38. Qa4+ Kb6 39. b4 Qc7
40. Kg2 Qc1 41. Qa5+ Kb7 42. Qb5+ Kc7 43. Kh3 Qc2 44. Qa5+ Kb7 45. Qb5+ Kc7 46.
Kh4 g5+ 47. Kxg5 Qf5+ 48. Kh4 Qxf4+ 49. Ng4 Nxg4 50. Qc5+ Kd7 51. fxg4 Qxh2+
52. Kg5 Qd2+ 53. Kh4 Qd3 54. b5 Qc4 55. Qa7+ Qc7 56. b6 Qxa7 57. bxa7 Kd6 58.
a8=Q Ke5 59. Kg3 Ke4 60. Qb7 h6 61. Qh7+ Kd4 62. Qxh6 e5 63. g5 e4 64. g6 Kd3
65. g7 1-0

[Event "Quebec-ch amateur"]
[Site "Montreal CAN"]
[Date "1993.10.09"]
[Round "3"]
[White "Leriche, Felix"]
[Black "Barbeau, Sylvain"]
[Result "1/2-1/2"]
[WhiteElo "2100"]
[BlackElo "2340"]
[PlyCount "54"]
[EventDate "1993.10.08"]
[EventType "swiss"]
[EventRounds "5"]
[EventCountry "CAN"]

1. d4 Nf6 2. Bg5 Ne4 3. Bf4 d5 4. f3 Nf6 5. e3 c5 6. c3 Nc6 7. Bd3 e6 8. Nd2
Bd6 9. Bxd6 Qxd6 10. f4 Bd7 11. Qf3 O-O-O 12. Ne2 Kb8 13. a3 h5 14. b4 cxd4 15.
cxd4 Ne7 16. O-O Nf5 17. Rfc1 Rc8 18. h3 h4 19. Kf2 Rxc1 20. Rxc1 Rc8 21. Rxc8+
Kxc8 22. Nc1 Qc7 23. Qd1 g5 24. Qc2 g4 25. Qxc7+ Kxc7 26. Na2 Nd6 27. Nc3 b6
1/2-1/2

[Event "Quebec-ch amateur"]
[Site "Montreal CAN"]
[Date "1993.10.10"]
[Round "5"]
[White "Barbeau, Sylvain"]
[Black "Chabot, Roland"]
[Result "1/2-1/2"]
[WhiteElo "2340"]
[BlackElo "2207"]
[PlyCount "76"]
[EventDate "1993.10.08"]
[EventType "swiss"]
[EventRounds "5"]
[EventCountry "CAN"]

1. d4 f5 2. c4 Nf6 3. g3 g6 4. Bg2 Bg7 5. Nh3 d6 6. d5 c6 7. Nf4 e5 8. dxe6 Qe7
9. Nd2 Na6 10. Rb1 Nc7 11. b4 a6 12. a4 Nxe6 13. Nxe6 Bxe6 14. O-O O-O 15. Bb2
Rfd8 16. e3 Qf7 17. Qc2 Rac8 18. Rfc1 d5 19. Nf3 h6 20. Nd4 Bd7 21. c5 Ne4 22.
Nb3 Rc7 23. Bd4 Rf8 24. Qb2 Bxd4 25. Nxd4 g5 26. f3 Nf6 27. b5 axb5 28. axb5
cxb5 29. Nxb5 Bxb5 30. Qxb5 Re8 31. Qd3 Nd7 32. f4 Nxc5 33. Qxd5 Qxd5 34. Bxd5+
Kg7 35. Rb5 Rec8 36. Rcb1 Re8 37. Kf2 Ree7 38. fxg5 hxg5 1/2-1/2

[Event "Montreal op"]
[Site "Montreal CAN"]
[Date "1993.09.05"]
[Round "2"]
[White "Barbeau, Sylvain"]
[Black "Leriche, Felix"]
[Result "1-0"]
[WhiteElo "2400"]
[BlackElo "2056"]
[PlyCount "78"]
[EventDate "1993.09.04"]
[EventType "swiss"]
[EventRounds "5"]
[EventCountry "CAN"]

1. c4 f5 2. g3 e6 3. Bg2 Nf6 4. d3 d5 5. Nd2 c5 6. Nh3 Nc6 7. O-O Bd6 8. e4
fxe4 9. dxe4 d4 10. f4 e5 11. f5 h5 12. Nf3 Qe7 13. Nh4 Qf7 14. b3 Ne7 15. Ng5
Qg8 16. Qd3 Nh7 17. a3 Bd7 18. Rb1 Rc8 19. Bf3 Nf6 20. Be2 a6 21. b4 b5 22.
bxc5 Rxc5 23. cxb5 axb5 24. Bd2 Qc4 25. Bb4 Qxd3 26. Bxd3 Rc6 27. Bxd6 Rxd6 28.
Nhf3 Nc6 29. Rxb5 O-O 30. Nxe5 Nxe5 31. Rxe5 Ra8 32. Rc5 Rxa3 33. Bc4+ Kf8 34.
e5 Rc6 35. Rxc6 Bxc6 36. exf6 gxf6 37. Ne6+ Ke7 38. Nxd4 Ba8 39. Re1+ Kd7 1-0

[Event "Montreal op"]
[Site "Montreal CAN"]
[Date "1993.09.05"]
[Round "3"]
[White "Saint-Pierre, Benoit"]
[Black "Barbeau, Sylvain"]
[Result "1/2-1/2"]
[WhiteElo "2134"]
[BlackElo "2347"]
[PlyCount "111"]
[EventDate "1993.09.04"]
[EventType "swiss"]
[EventRounds "5"]
[EventCountry "CAN"]

1. e4 c5 2. Nf3 Nc6 3. d4 cxd4 4. Nxd4 Nf6 5. Nc3 d6 6. Bg5 Qb6 7. Nb3 e6 8.
Bxf6 gxf6 9. Be2 Be7 10. O-O O-O 11. Kh1 Bd7 12. f4 Rad8 13. Rb1 Kh8 14. Bh5
Be8 15. f5 Rg8 16. Rf4 Rg5 17. h4 Rg7 18. Rg4 Qf2 19. Qf1 Qxf1+ 20. Rxf1 Bd7
21. Rxg7 Kxg7 22. Bg4 Kf8 23. Bh3 Ke8 24. g3 Rc8 25. Rd1 Nd8 26. Nd4 a6 27. a4
Bf8 28. Kg2 Ke7 29. Kf3 Nc6 30. Nxc6+ Rxc6 31. Rd4 Bh6 32. Rb4 Bd2 33. Rxb7
Bxc3 34. bxc3 Rxc3+ 35. Kg4 Rc4 36. Kh5 Rxa4 37. fxe6 fxe6 38. Bf1 Kd8 39. Rb6
Ke7 40. Rxa6 Rxe4 41. Bd3 Re3 42. g4 e5 43. Bxh7 Rg3 44. g5 f5 45. Ra7 Ke6 46.
Rxd7 Kxd7 47. Bxf5+ Ke7 48. Kg6 e4 49. Bxe4 Rg4 50. Bd5 Rxh4 51. c4 Rf4 52. Kg7
Rg4 53. g6 Rg3 54. Bf7 Rg5 55. Bd5 Rg4 56. Bf7 1/2-1/2

[Event "Montreal op"]
[Site "Montreal CAN"]
[Date "1993.09.06"]
[Round "4"]
[White "Barbeau, Sylvain"]
[Black "Grondin, Jean-Philippe"]
[Result "1-0"]
[WhiteElo "2400"]
[BlackElo "2100"]
[PlyCount "55"]
[EventDate "1993.09.04"]
[EventType "swiss"]
[EventRounds "5"]
[EventCountry "CAN"]

1. g3 c5 2. f4 Nc6 3. Nf3 g6 4. Bg2 Bg7 5. O-O d6 6. d3 e6 7. c3 Nge7 8. e4 O-O
9. Be3 b6 10. Bf2 Qd7 11. Nbd2 Bb7 12. Qe2 Rac8 13. Rae1 Rfe8 14. Nh4 d5 15. e5
Na5 16. Ndf3 Qa4 17. Bh3 Qxa2 18. g4 Nec6 19. Bg3 d4 20. Ra1 Qb3 21. Ra3 Qb5
22. c4 Qa6 23. f5 b5 24. b3 bxc4 25. bxc4 Qb6 26. f6 Bf8 27. Rfa1 Rb8 28. Be1
1-0

[Event "Montreal op"]
[Site "Montreal CAN"]
[Date "1993.09.06"]
[Round "5"]
[White "Gravel, Simon M"]
[Black "Barbeau, Sylvain"]
[Result "1/2-1/2"]
[WhiteElo "2142"]
[BlackElo "2342"]
[PlyCount "93"]
[EventDate "1993.09.04"]
[EventType "swiss"]
[EventRounds "5"]
[EventCountry "CAN"]

1. e4 c6 2. Nc3 d5 3. Nf3 dxe4 4. Nxe4 Nf6 5. Ng3 g6 6. d4 Bg7 7. Bc4 Nbd7 8.
O-O O-O 9. Qe2 Nd5 10. Bb3 b5 11. Bg5 N7f6 12. Ne5 Qb6 13. a4 a5 14. Qd2 Rd8
15. Rfd1 Be6 16. Bh6 Bh8 17. Qe2 Nc7 18. Bxe6 Nxe6 19. c3 bxa4 20. Qc4 Rd6 21.
Qxa4 Qb5 22. b4 Nd5 23. Qc2 Bxe5 24. dxe5 Rdd8 25. Rxa5 Rxa5 26. bxa5 Qxa5 27.
Ne4 Rc8 28. h4 Nb6 29. Bg5 Qxe5 30. Bxe7 Nd5 31. Bd6 Qf5 32. c4 Nf6 33. Nxf6+
Qxf6 34. h5 Nd4 35. Qe4 Qxd6 36. Rxd4 Qf6 37. c5 Qg5 38. hxg6 hxg6 39. Qe3 Qxe3
40. fxe3 Re8 41. Kf2 Re5 42. Rc4 f5 43. Kf3 Kf7 44. g4 Kf6 45. gxf5 gxf5 46.
Kf4 Rd5 47. e4 1/2-1/2

[Event "Quebec op"]
[Site "Montreal CAN"]
[Date "1993.07.31"]
[Round "1"]
[White "Guevremont, Grant"]
[Black "Barbeau, Sylvain"]
[Result "0-1"]
[WhiteElo "1990"]
[BlackElo "2347"]
[PlyCount "100"]
[EventDate "1993.07.31"]
[EventType "swiss"]
[EventRounds "8"]
[EventCountry "CAN"]

1. d4 f5 2. c4 Nf6 3. Nc3 g6 4. Nf3 Bg7 5. g3 O-O 6. Bg2 d6 7. O-O Nc6 8. d5
Ne5 9. Qb3 Nxf3+ 10. Bxf3 Nd7 11. Bg2 e5 12. dxe6 Nc5 13. Qc2 c6 14. Rd1 Qe7
15. Bf4 Be5 16. Qd2 Bxe6 17. Bg5 Qc7 18. f4 Bg7 19. b3 Rfe8 20. Rac1 Bf7 21.
Bf3 Qb6 22. Kh1 Re6 23. g4 Rae8 24. gxf5 gxf5 25. Qc2 Re3 26. Na4 Nxa4 27. bxa4
Qc5 28. Rg1 Bg6 29. h4 Kh8 30. h5 Bxh5 31. Bxh5 Rh3+ 32. Kg2 Rxh5 33. Rh1 Rxh1
34. Rxh1 Qe3 35. Qd3 Qxe2+ 36. Qxe2 Rxe2+ 37. Kf3 Re4 38. Rc1 Kg8 39. Rc2 h6
40. Bh4 Kf7 41. a5 Bd4 42. Rd2 Ke6 43. Rd3 Bc5 44. Rb3 Rxc4 45. Rxb7 Ra4 46.
Rh7 Rxa5 47. Rxh6+ Kd5 48. Rf6 Ra3+ 49. Ke2 Ke4 50. Bg5 Rxa2+ 0-1

[Event "Quebec op"]
[Site "Montreal CAN"]
[Date "1993.08.01"]
[Round "2"]
[White "Barbeau, Sylvain"]
[Black "Clement, Michel"]
[Result "1-0"]
[WhiteElo "2347"]
[BlackElo "2037"]
[PlyCount "109"]
[EventDate "1993.07.31"]
[EventType "swiss"]
[EventRounds "8"]
[EventCountry "CAN"]

1. g3 c5 2. Bg2 Nc6 3. c4 Nf6 4. Nc3 g6 5. Nf3 Bg7 6. O-O O-O 7. d4 cxd4 8.
Nxd4 Nxd4 9. Qxd4 d6 10. Qd3 Bf5 11. e4 Be6 12. b3 Nd7 13. Be3 Nc5 14. Qd2 a5
15. Rad1 Qc8 16. Rfe1 Re8 17. Nd5 Bxd5 18. Qxd5 Rd8 19. Re2 Rb8 20. f4 h6 21.
Qd2 b6 22. h4 h5 23. Kh2 Qc7 24. Bf3 e6 25. Kg2 Qe7 26. Rf2 Qf6 27. f5 Qc3 28.
fxg6 fxg6 29. Qe2 Rd7 30. g4 Rf8 31. gxh5 gxh5 32. Bxh5 Qe5 33. Rxf8+ Kxf8 34.
Bd4 Qxe4+ 35. Qxe4 Nxe4 36. Bxb6 Be5 37. Bg6 Nc3 38. Rd3 Ne2 39. Rf3+ Nf4+ 40.
Kf1 Kg7 41. Bc2 d5 42. c5 d4 43. c6 Rf7 44. Bxa5 Ra7 45. b4 Nd5 46. Bb3 Ne7 47.
Bb6 Ra6 48. Bc5 Nf5 49. b5 Ra8 50. Bxe6 Nxh4 51. Rf7+ Kg6 52. b6 d3 53. c7 Re8
54. Re7 Rf8+ 55. Bf7+ 1-0

[Event "Quebec op"]
[Site "Montreal CAN"]
[Date "1993.08.03"]
[Round "4"]
[White "Barbeau, Sylvain"]
[Black "Ross, Dave"]
[Result "1/2-1/2"]
[WhiteElo "2347"]
[BlackElo "2344"]
[PlyCount "40"]
[EventDate "1993.07.31"]
[EventType "swiss"]
[EventRounds "8"]
[EventCountry "CAN"]

1. d4 f5 2. g3 Nf6 3. Bg2 d6 4. Nf3 g6 5. c4 Bg7 6. Nc3 O-O 7. O-O Nc6 8. d5
Na5 9. Nd2 c5 10. Rb1 e5 11. dxe6 Bxe6 12. b3 d5 13. cxd5 Nxd5 14. Nxd5 Bxd5
15. Nc4 Bxg2 16. Kxg2 Nxc4 17. bxc4 Rf7 18. Rb3 Rd7 19. Rd3 Rxd3 20. Qxd3 Qxd3
1/2-1/2

[Event "Quebec op"]
[Site "Montreal CAN"]
[Date "1993.08.05"]
[Round "6"]
[White "Barbeau, Sylvain"]
[Black "Reeve, Jeff"]
[Result "1/2-1/2"]
[WhiteElo "2347"]
[BlackElo "2155"]
[PlyCount "163"]
[EventDate "1993.07.31"]
[EventType "swiss"]
[EventRounds "8"]
[EventCountry "CAN"]

1. d4 d6 2. e4 Nf6 3. Nc3 g6 4. Nf3 Bg7 5. h3 O-O 6. Be3 c6 7. a4 d5 8. e5 Ne4
9. Nxe4 dxe4 10. Ng5 c5 11. dxc5 Qc7 12. Bc4 Nc6 13. Nxe4 Nxe5 14. Bb3 Bf5 15.
Nc3 Rad8 16. Qe2 Nc6 17. O-O Nd4 18. Bxd4 Bxd4 19. Nd5 Qxc5 20. Nxe7+ Kg7 21.
Nxf5+ Qxf5 22. c3 Bc5 23. Rae1 b6 24. Bc4 a5 25. Qe5+ Qxe5 26. Rxe5 Rd2 27. Re2
Rfd8 28. Rb1 R8d6 29. b3 Rd1+ 30. Rxd1 Rxd1+ 31. Kh2 h5 32. g3 f6 33. Rc2 g5
34. Kg2 Rd6 35. Rb2 Ba3 36. Re2 Bc5 37. Kf3 Rd1 38. Rc2 Rd6 39. Ke4 Kg6 40. Bd5
Rd8 41. g4 Re8+ 42. Kd3 hxg4 43. hxg4 f5 44. f3 Rd8 45. Kc4 Kf6 46. Re2 Rd6 47.
Re8 fxg4 48. fxg4 Rd7 49. Re6+ Kg7 50. Be4 Kf8 51. Re5 Be3 52. Bd5 Re7 53. Rf5+
Ke8 54. Kb5 Kd8 55. Rf6 Kc7 56. c4 Rg7 57. Rc6+ Kb8 58. Re6 Bg1 59. Rh6 Rc7 60.
Bc6 Re7 61. Bd5 Rg7 62. Kc6 Rc7+ 63. Kd6 Bc5+ 64. Ke5 Rg7 65. Rh8+ Kc7 66. Ra8
Rd7 67. Rg8 Bd6+ 68. Kf5 Bf4 69. Re8 Rd6 70. Re7+ Rd7 71. Re4 Rd8 72. Re2 Rf8+
73. Kg6 Rd8 74. Re1 Rd6+ 75. Kf5 Rd8 76. Rh1 Rf8+ 77. Ke4 Re8+ 78. Kd4 Be3+ 79.
Kd3 Bc5 80. Rh7+ Re7 81. Rh3 Re8 82. Rf3 1/2-1/2

[Event "Quebec op"]
[Site "Montreal CAN"]
[Date "1993.08.06"]
[Round "7"]
[White "Beregovoy, Alexander"]
[Black "Barbeau, Sylvain"]
[Result "1-0"]
[WhiteElo "2319"]
[BlackElo "2347"]
[PlyCount "113"]
[EventDate "1993.07.31"]
[EventType "swiss"]
[EventRounds "8"]
[EventCountry "CAN"]

1. Nf3 c5 2. e3 Nf6 3. b3 b6 4. Bb2 Bb7 5. d4 e6 6. Bd3 d6 7. Nbd2 Be7 8. O-O
O-O 9. Qe2 Nbd7 10. Rad1 Rc8 11. c4 Rc7 12. Ng5 h6 13. Nge4 d5 14. Ng3 cxd4 15.
exd4 dxc4 16. bxc4 b5 17. f4 bxc4 18. Nxc4 Nb6 19. Nxb6 axb6 20. f5 Bd5 21.
fxe6 fxe6 22. Nh5 Nxh5 23. Qxh5 Rf6 24. Rxf6 Bxf6 25. Qg6 Ra7 26. a3 Bc6 27. d5
Bxb2 28. Qxe6+ Rf7 29. dxc6 Kf8 30. c7 Rxc7 31. Rf1+ Bf6 32. Bh7 Rc5 33. h3
Qd4+ 34. Kh1 Re5 35. Qg8+ Ke7 36. Bg6 Re3 37. Rc1 Kd6 38. Qb8+ Kd5 39. Bf7+ Ke4
40. Bg6+ Kd5 41. Qb7+ Ke5 42. Qc7+ Qd6 43. Qc8 Qe6 44. Qb8+ Qd6 45. Qe8+ Qe6
46. Qb5+ Qd5 47. Qxb6 Rxh3+ 48. Kg1 Bd8 49. Re1+ Kf4 50. Qf2+ Kg5 51. gxh3 Kxg6
52. Qg2+ Qxg2+ 53. Kxg2 Kf6 54. a4 Ba5 55. Rb1 Ke6 56. Rb5 Bc3 57. a5 1-0

[Event "Quebec-ch"]
[Site "Montreal CAN"]
[Date "1993.05.31"]
[Round "1"]
[White "Barbeau, Sylvain"]
[Black "Ross, Dave"]
[Result "0-1"]
[WhiteElo "2368"]
[BlackElo "2225"]
[PlyCount "82"]
[EventDate "1993.05.31"]
[EventType "tourn"]
[EventRounds "9"]
[EventCountry "CAN"]
[Source "ChessBase"]
[SourceDate "1997.11.17"]

1. f4 d5 2. Nf3 g6 3. g3 Bg7 4. Bg2 c5 5. d3 Nc6 6. O-O d4 7. Nbd2 Nh6 8. Ne4
b6 9. Ne5 Nxe5 10. fxe5 Rb8 11. Bg5 O-O 12. Nf6+ exf6 13. exf6 Re8 14. Qd2 Re3
15. Bf4 Bf8 16. Bxb8 g5 17. Rf3 Be6 18. Rxe3 dxe3 19. Qxe3 Qxb8 20. Qxg5+ Kh8
21. Rf1 Ng4 22. Rf4 Bh6 23. Qh4 Bxf4 24. gxf4 Qxf4 25. Be4 h6 26. h3 Qxf6 27.
Qg3 Ne5 28. Kh2 Qg5 29. Qf2 f5 30. Bg2 Ng6 31. e3 f4 32. e4 h5 33. c3 h4 34. d4
Qg3+ 35. Kg1 Bxa2 36. e5 Be6 37. Kf1 Bc4+ 38. Kg1 cxd4 39. cxd4 Kg7 40. Qf3
Qxf3 41. Bxf3 a5 0-1

[Event "Quebec-ch"]
[Site "Montreal CAN"]
[Date "1993.06.02"]
[Round "3"]
[White "Barbeau, Sylvain"]
[Black "Berube, Richard"]
[Result "0-1"]
[WhiteElo "2368"]
[BlackElo "2281"]
[PlyCount "82"]
[EventDate "1993.05.31"]
[EventType "tourn"]
[EventRounds "9"]
[EventCountry "CAN"]
[Source "ChessBase"]
[SourceDate "1997.11.17"]

1. f4 d5 2. Nf3 g6 3. g3 Bg7 4. Bg2 c5 5. O-O Nc6 6. d3 d4 7. c3 Nh6 8. e4 dxe3
9. Qe2 Nf5 10. Na3 O-O 11. Nc4 Rb8 12. g4 Nd6 13. Nxe3 b6 14. Bd2 Bb7 15. Rad1
e5 16. fxe5 Nxe5 17. Nxe5 Bxe5 18. Nd5 Re8 19. Qf2 f5 20. Bf4 Bxf4 21. Qxf4 g5
22. Qg3 f4 23. Qh3 Nf7 24. c4 Kg7 25. Be4 h6 26. Qh5 Qd6 27. Rde1 Bxd5 28. cxd5
Qf6 29. b3 Ne5 30. Qh3 Qd6 31. Re2 Re7 32. Rfe1 Rbe8 33. Qg2 Qf6 34. Rd2 Nc6
35. Qf2 Ne5 36. Rc1 Nxg4 37. Qf3 Qd4+ 38. Kh1 Rxe4 39. Qxg4 Re1+ 40. Rxe1 Rxe1+
41. Kg2 Rg1+ 0-1

[Event "Quebec-ch"]
[Site "Montreal CAN"]
[Date "1993.06.03"]
[Round "4"]
[White "Bergeron, Pascal"]
[Black "Barbeau, Sylvain"]
[Result "0-1"]
[WhiteElo "2043"]
[BlackElo "2368"]
[PlyCount "111"]
[EventDate "1993.05.31"]
[EventType "tourn"]
[EventRounds "9"]
[EventCountry "CAN"]
[Source "ChessBase"]
[SourceDate "1997.11.17"]

1. e4 c5 2. Nf3 e6 3. d4 cxd4 4. Nxd4 a6 5. Bd3 g6 6. O-O Bg7 7. Nb3 Ne7 8. Nc3
O-O 9. Be3 d6 10. Qd2 Qc7 11. Bh6 Bxh6 12. Qxh6 Nd7 13. f4 f5 14. Kh1 Nf6 15.
exf5 Nxf5 16. Bxf5 exf5 17. Rfe1 b5 18. Rad1 b4 19. Nd5 Nxd5 20. Rxd5 Bb7 21.
Rd2 Rae8 22. Red1 Re3 23. Qh4 Rfe8 24. Nd4 Qf7 25. b3 Qf6 26. Qf2 Qe7 27. Rf1
Qe4 28. Kg1 Re7 29. Kh1 Kg7 30. Kg1 a5 31. Kh1 Ba6 32. Rg1 h5 33. Qh4 Re8 34.
Qf2 h4 35. Qxh4 Rh8 36. Qf2 Bb7 37. Re2 Reh3 38. Nf3 Qxf4 39. gxh3 Bxf3+ 40.
Rg2 Bxg2+ 41. Kxg2 Qxf2+ 42. Rxf2 Rc8 43. Rd2 Rc3 44. Re2 Kf6 45. Rd2 Ke5 46.
Re2+ Kf4 47. Rd2 g5 48. Rf2+ Ke4 49. Re2+ Re3 50. Rd2 d5 51. Rf2 d4 52. Rd2 f4
53. Rf2 Re1 54. Rd2 f3+ 55. Kg3 Rf1 56. Kg4 0-1

[Event "Quebec-ch"]
[Site "Montreal CAN"]
[Date "1993.06.07"]
[Round "6"]
[White "Ghannoum, Marc"]
[Black "Barbeau, Sylvain"]
[Result "0-1"]
[WhiteElo "2237"]
[BlackElo "2368"]
[PlyCount "44"]
[EventDate "1993.05.31"]
[EventType "tourn"]
[EventRounds "9"]
[EventCountry "CAN"]
[Source "ChessBase"]
[SourceDate "1997.11.17"]

1. d4 d5 2. Nf3 Nc6 3. c4 Bg4 4. cxd5 Bxf3 5. dxc6 Bxc6 6. Nc3 e6 7. e4 Bb4 8.
f3 f5 9. Qb3 Qh4+ 10. g3 Qe7 11. Bg2 O-O-O 12. Be3 fxe4 13. fxe4 Nf6 14. Qc2
Ng4 15. Bg1 Qg5 16. Qd2 Qg6 17. O-O-O Bxc3 18. bxc3 Bxe4 19. h3 Ne5 20. Bxe4
Qxe4 21. Rh2 Nf3 22. Qe2 Qc6 0-1

[Event "Quebec-ch"]
[Site "Montreal CAN"]
[Date "1993.06.09"]
[Round "8"]
[White "Levtchouk, George"]
[Black "Barbeau, Sylvain"]
[Result "1/2-1/2"]
[WhiteElo "2320"]
[BlackElo "2368"]
[PlyCount "62"]
[EventDate "1993.05.31"]
[EventType "tourn"]
[EventRounds "9"]
[EventCountry "CAN"]
[Source "ChessBase"]
[SourceDate "1997.11.17"]

1. d4 Nf6 2. c4 g6 3. Nc3 d5 4. Nf3 Bg7 5. Qb3 dxc4 6. Qxc4 O-O 7. e4 a6 8. e5
b5 9. Qb3 Nfd7 10. Be3 Nb6 11. Rd1 Nc6 12. Be2 Na5 13. Qc2 Nac4 14. Bc1 Bf5 15.
Bd3 Bxd3 16. Qxd3 Nd5 17. h4 c5 18. dxc5 Nxc3 19. Qxc3 Qc7 20. Bf4 f6 21. b3
Nxe5 22. Bxe5 fxe5 23. b4 e4 24. Qb3+ Kh8 25. Ng5 Qf4 26. O-O Qxh4 27. Nf7+
Rxf7 28. Qxf7 Be5 29. g3 Bxg3 30. fxg3 Qxg3+ 31. Kh1 Qh3+ 1/2-1/2

[Event "Mauricie op"]
[Site "Trois-Rivieres CAN"]
[Date "1993.03.20"]
[Round "3"]
[White "Pineault, Denis"]
[Black "Barbeau, Sylvain"]
[Result "1-0"]
[WhiteElo "2248"]
[BlackElo "2383"]
[PlyCount "85"]
[EventDate "1993.03.19"]
[EventType "swiss"]
[EventRounds "5"]
[EventCountry "CAN"]

1. e4 c5 2. Nf3 e6 3. d4 cxd4 4. Nxd4 a6 5. Nc3 Qc7 6. g3 d6 7. Bg2 Nf6 8. O-O
Nc6 9. Be3 Bd7 10. f4 Be7 11. Nb3 b5 12. a3 Rc8 13. Rf2 O-O 14. g4 Be8 15. g5
Nd7 16. Qg4 f5 17. exf5 Rxf5 18. Be4 g6 19. Nd4 Nxd4 20. Bxd4 Nf8 21. Bxf5 gxf5
22. Qg3 a5 23. Re1 Bc6 24. h4 b4 25. axb4 axb4 26. Na2 Qa5 27. b3 Be4 28. c3 d5
29. Nxb4 Bxb4 30. cxb4 Qxb4 31. Rd1 Bc2 32. Rdd2 Bxb3 33. Qe3 Bc4 34. Qe5 Qe7
35. Qh8+ Kf7 36. Qg7+ Ke8 37. Qxe7+ Kxe7 38. Rb2 Rc7 39. h5 Kf7 40. Rb8 Bd3 41.
Rfb2 Ba6 42. Ra8 Bc8 43. Rbb8 1-0

[Event "Quebec op"]
[Site "Montreal CAN"]
[Date "1992.08.01"]
[Round "1"]
[White "Delisle, Gilbert"]
[Black "Barbeau, Sylvain"]
[Result "0-1"]
[WhiteElo "1971"]
[BlackElo "2386"]
[PlyCount "112"]
[EventDate "1992.08.01"]
[EventType "swiss"]
[EventRounds "8"]
[EventCountry "CAN"]

1. d4 f5 2. c4 Nf6 3. Nf3 g6 4. g3 Bg7 5. Bg2 O-O 6. O-O d6 7. Nc3 Nc6 8. b3 a6
9. Bb2 Qe8 10. d5 Ne5 11. Nd4 g5 12. e3 f4 13. exf4 gxf4 14. gxf4 Ng6 15. f5
Nh4 16. Bh3 Nh5 17. f4 Nxf5 18. Nxf5 Bxf5 19. Bxf5 Rxf5 20. Qg4 Qg6 21. Qxg6
hxg6 22. Rae1 Kf7 23. Re4 Rg8 24. Rf2 Bf6 25. Kf1 Rf8 26. Nd1 Bxb2 27. Nxb2 Nf6
28. Ree2 Rh8 29. Kg1 Rh4 30. Nd3 Rh3 31. Ne1 Nh5 32. Ng2 Ng7 33. Ne1 Rc3 34.
Nf3 Nh5 35. Ng5+ Ke8 36. Ne6 Kd7 37. Re1 Nf6 38. Rfe2 Ng8 39. Kh1 c6 40. dxc6+
bxc6 41. Rg1 Rf6 42. Rge1 a5 43. Re4 Rc2 44. a3 Rc3 45. b4 Rxa3 46. b5 cxb5 47.
cxb5 Rb3 48. Nd4 Rb4 49. Nc6 Rxb5 50. Nxe7 Nxe7 51. Rxe7+ Kc6 52. R1e4 Rb4 53.
Re2 Rfxf4 54. R7e6 g5 55. Rg6 g4 56. Rc2+ Rbc4 0-1